000 00292nam a2200109Ia 4500
008 230907s9999||||xx |||||||||||||| ||und||
082 _a621.3815
_bANA
245 0 _aAnalysis and design of analog integrated circuits /
260 _aWiley,
_bNew Delhi :
_c2016
300 _a881 p.
942 _cBK
999 _c601285
_d601285